000 00714cam a2200241 4500500
005 20260405003830.0
041 _afre
042 _adc
100 1 0 _aEltchaninoff, Michel
_eauthor
245 0 0 _aAttal et Bardella, le “stade Agnan” de la politique
260 _c2024.
500 _a70
690 _aCommunication
690 _aFrance
690 _aGabriel Attal
690 _aGoscinny
690 _aJordan Bardella
690 _aMichel Eltchaninoff
690 _aPolitique
690 _aSempé
786 0 _nPhilosophie magazine | 178 | 4 | 2024-04-01 | p. 14-14 | 1951-1787
856 4 1 _uhttps://shs.cairn.info/magazine-philosophie-magazine-2024-4-page-14?lang=fr&redirect-ssocas=7080
999 _c2071269
_d2071269